MARC

LEADER 00000nab a2200000 a 4500
001 vtls000189367
003 SK-MaSNL
005 20260303180317.0
008 111106c1984 xo 0 slo
015 |a SNBRB19rr/mm-uuuuu 
035 |a CL0199480 
040 |a SNKBUCL  |b slo  |c SNKBUCL  |e AACR2 
041 0 |a slo 
044 |a xo  |c SK 
080 |a 882-7  |2 1981 
100 1 |a Komissarenko, Sergej  |4 aut  |9 928183 
245 1 0 |a Omyl  |c S. Komissarenko ; Sergej Komissarenko, Igor Slobodník 
500 |a V rubrike Poviedka na tento týždeň. 
650 0 7 |a satirické prózy  |2 snkbucl  |9 87871 
650 0 7 |a sovietska literatúra  |2 snkbucl  |9 22300 
655 7 |a články z novín a časopisov  |2 snkbucl  |9 267496 
655 7 |a články z odboru literárna veda a krásna literatúra  |2 snkbucl  |9 770045 
700 1 |a Komissarenko, Sergej  |4 aut  |9 928183 
700 1 |a Slobodník, Igor,  |d 1962-  |4 trl  |9 183782 
773 0 |t Život  |g Roč. 34, č. 27 (1984), s. 43 
850 |a Slovenská národná knižnica v Martine  |a MTA001 
852 |a SNK  |b KIS3GCP 
958 |a RK 
958 |a LX 
992 |a RBX 
999 |c 2105713  |d 2107643